000
00228nam a2200097Ia 4500
008
230508s1992 xx 000 0 und d
041
_a
eng
100
_a
COULSON
245
_a
CHEMICAL ENGG. SOL TO PROB IN VILUME
260
_c
1992
999
_c
316193
_d
316193